000 00438nam a2200169Ia 4500
003 OSt
005 20260306090148.0
008 211028s2008 xx 000 0 und d
040 _cAIMIT LIBRARY
041 _aeng
100 _aNamratha; K Smitha.
_g50971273
_92841
110 _aK, Smitha.
_92842
245 _aKnowledge base system /
260 _aMangalore
_c2008
710 _aUnisys Global Services India
_92843
942 _2ddc
_cPRO
999 _c217032
_d217032